| 000 | 01024nam a22002897a 4500 | ||
|---|---|---|---|
| 001 | 6266 | ||
| 003 | FISKH | ||
| 005 | 20250407150639.0 | ||
| 008 | 250407b cb ||||| |||| 00| 0 eng d | ||
| 020 | _a9781407137070 | ||
| 040 |
_aFISKH _beng _cFISKH _dFISKH |
||
| 050 | _aPZ7.C6837 G | ||
| 082 | _a813.6 | ||
| 100 |
_aCollins, Suzanne _d(1962–) |
||
| 245 |
_aGregor and the code of claw / _cThe Underland chronicles 5 ; Suzanne Collins |
||
| 250 | _aThis edition first published in 2007 | ||
| 260 |
_aLondon : _bScholastic, _c2007 |
||
| 300 |
_a328 pages : _c20 cm |
||
| 505 | _aR | ||
| 520 | _aWhen twelve-year-old Gregor finally learns the ancient prophecy, which foretells his death, he must gather his courage to defend Regalia from the army of rats, take his mother and sister home safely, and fight his own dark side. | ||
| 521 | 8 |
_a730
_bLexile |
|
| 521 | 8 |
_aR
_bRaz-Plus |
|
| 650 |
_2Underland Chronicles _aMiddle grade |
||
| 650 |
_2Prophecy _aFantasy |
||
| 942 |
_2ddc _cBK _n0 |
||
| 999 |
_c6266 _d6266 |
||